000
00316nam a22001337a 4500
003
SGT
082
_a
617.525
_b
Z14B
100
_a
BHATI, GAURAV
245
_a
ZYGOMATIC AND PTERYGOLD IMPLANTS
260
_a
DELHI NCR
_b
SGT UNIVERSITY GURUGRAM
_c
2014
300
_a
1-83
650
_a
ORAL SURGERY
942
_2
ddc
_c
TH
999
_c
18918
_d
18918